Advanced Practice Nursing Essential for Role Development
Salvato in:
| Autore principale: | |
|---|---|
| Natura: | Libro |
| Lingua: | inglese |
| Pubblicazione: |
F.A .Davis Company
2018
|
| Tags: |
Aggiungi Tag
Nessun Tag, puoi essere il primo ad aggiungerne!!
|
MARC
| LEADER | 00000nam a22000007a 4500 | ||
|---|---|---|---|
| 008 | 210616b ||||| |||| 00| 0 eng d | ||
| 020 | |a 9780803660441 | ||
| 100 | |a Joel, Lucille A. | ||
| 245 | |a Advanced Practice Nursing |b Essential for Role Development |c Lucille A. Joel |g xii,512p | ||
| 250 | |b 4th Edition | ||
| 260 | |b F.A .Davis Company |c 2018 |h Piladelphia |i 696221 |i 696222 |l RT82.8.J68 | ||
| 500 | |a It includes bibliographical reference and index | ||
| 942 | |a lcc |c BK |e Olagoke,M.A |f 16/06/2021 | ||
| 952 | |0 0 |1 0 |2 lcc |4 0 |7 0 |9 2632 |a HOL |b ML |c QZ |d 2021-06-16 |o RT82.8.J68 |p 2021-6479 |r 2021-06-16 00:00:00 |w 2021-06-16 |y BK | ||
| 952 | |0 0 |1 0 |2 lcc |4 0 |6 RT00828 J68 |7 0 |9 2633 |a HOL |b HOL |c QZ |d 2021-06-16 |l 0 |o RT82.8.J68 |p 2021-6480 |r 2021-06-16 00:00:00 |w 2021-06-16 |y BK | ||
| 999 | |c 1378 |d 1378 | ||